• 首页
  • 本馆介绍
  • 公告通知
  • 最新文献
  • 馆藏检索
  • 电子资源
  • 读者导购
  • 参考咨询
  • 我的图书馆
  • 登录
  • 详细信息显示
  • 放入我的书架
  • 预约/预借图书
  • 作者相关作品
  • 分类相关作品
  • 丛书相关作品
  • 出版社相关作品

书目信息

  • 表格格式
  • 工作单格式
  • 卡片格式
题名:
过渡金属有机化学
    
 
作者: 克拉布特里 编著 ;江焕峰 , 祝诗发 主译
分册:  
出版信息: 北京   科学出版社  2012.06
页数: 19,446页
开本: 24cm
丛书名: 现代化学基础丛书
单 册:
中图分类: O627
科图分类:
主题词: 过渡金属化合物--金属有机化学 , 过渡金属化合物 , 金属有机化学
电子资源:
ISBN: 978-7-03-035016-9
000 01289oam2 2200325 450
001 010010101415
005 20141218110843.26
010    @a978-7-03-035016-9@dCNY88.00
100    @a20120803d2012 em y0chiy50 ea
101 1  @achi@ceng
102    @aCN@b110000
105    @aak z 001yy
106    @ar
200 1  @a过渡金属有机化学@9guo du jin shu you ji hua xue@dThe organometallic chemistry of the transition metals@f(美)R. H.克拉布特里(Robert H. Crabtree)编著@g江焕峰,祝诗发主译@zeng
210    @a北京@c科学出版社@d2012.06
215    @a19,446页@c图@d24cm
225 2  @a现代化学基础丛书@v30
300    @a“十一五”国家重点图书出版规划项目
330    @a本书介绍了过渡金属有机化学的基本概念、基本理论以及过渡金属有机化合物在有机合成、纳米科学、绿色化学、生命科学、医学等领域中的广泛应用。
461  0 @12001 @a现代化学基础丛书@v30@1701 0@a朱清时@4主编
510 1  @aOrganometallic chemistry of the transition metals@zeng
606 0  @a过渡金属化合物@x金属有机化学
606 0  @a过渡金属化合物
606 0  @a金属有机化学
690    @aO627@v5
701  0 @c(美)@a克拉布特里@9ke la bu te li@c(Crabtree, Robert H.)@4编著
702  0 @a江焕峰@9jiang huan feng@4主译
702  0 @a祝诗发@9zhu shi fa@4主译
801  0 @aCN@bRENTIAN@c20120803
905    @b846024-26@dO627@e5@f3
    
    过渡金属有机化学=The organometallic chemistry of the transition metals/(美)R. H.克拉布特里(Robert H. Crabtree)编著/江焕峰,祝诗发主译.-北京:科学出版社,2012.06
    19,446页:图;24cm.-(现代化学基础丛书;30)
    “十一五”国家重点图书出版规划项目
    
    ISBN 978-7-03-035016-9:CNY88.00
    本书介绍了过渡金属有机化学的基本概念、基本理论以及过渡金属有机化合物在有机合成、纳米科学、绿色化学、生命科学、医学等领域中的广泛应用。
●
相关链接 在E读中查询图书 在五车中查询图书 在当当中查询图书 在豆瓣中查询图书


正题名:过渡金属有机化学     索取号:O627/5         预约/预借

序号 登录号 条形码 馆藏地/架位号 状态 备注
1 846024   208460244   第二样本阅览室/ [索取号:O627/5] 在馆    
2 846025   208460253   第三借阅区/ [索取号:O627/5] 在馆    
3 846026   208460262   密集书库-化学系/ [索取号:O627/5] 在馆    
唐山师范学院图书馆 欢迎您!
大连网信软件有限公司© 版权所有